LEADER 00856nam a2200229 i 4500 001 000000244051 003 CaOOAMICUS 005 20150729000000.0 008 150729s1775 it u000 u fre u 013 $a222956 026 $ale,& 9.0. eri- (aC' (3) 1775 (R) 040 $aSeMil$bita 240 10$aSur S. Matt. 7.,24-27.$0(OLS)http://semarc/title/345970 245 10$aTome 7. 300 $a[4], 364 p. 500 $aSegn. : pg2 A-X8 Y4. 773 0 $aBertrand, Élie <1713-1797>$tMorale évangélique, ou Discours sur le sermon de Jesus-Christ sur la montagne. Tome 1. [-7.].$dA Neuchatel : Société typographique, 1775.$g7$w()32299 850 $aSeMil 852 $aSeMil$W1$xVenegono$y1$m3F V 12 FA$j194397$B194397$CSeMilBibl$Z2$F205018 $8I 941 1 $a10 961 $aRecupero: Mantegazza 996 $6245$aTome 7$9(OLS)http://semarc/title/1606 LEADER 00779nam a2200217 i 4500 001 000000223770 003 CaOOAMICUS 005 20131018000000.0 008 131018s1792 it u000 u fre u 013 $a202668 026 $a2.2. lat. e.ut tena (3) 1792 (A) 040 $aSeMil$bita 245 10$aTome 94. 300 $a[4], 388 p. 500 $aContiene : Recueil des lettres m. de Voltaire. 1770-1772. 773 0 $aVoltaire <1694-1778>$tOeuvres completes de m. de Voltaire. Tome 1. [-100.].$dA Lyon : Chez J. B. Delamollière, 1791-1792.$g94$w()28886 850 $aSeMil 852 $aSeMil$W1$xVenegono$y1$m2Q I 174 FA$j174116$B174116$CSeMilBibl$Z2$F184304 $8I 941 1 $a10 961 $aRecupero: Mantegazza 996 $6245$aTome 94$9(OLS)http://semarc/title/320864